Nursing Care of Innfants and Children. (Record no. 2612)

MARC details
000 -LEADER
fixed length control field 00538nam a22002057a 4500
003 - CONTROL NUMBER IDENTIFIER
control field OSt
005 - DATE AND TIME OF LATEST TRANSACTION
control field 20151119124139.0
008 - FIXED-LENGTH DATA ELEMENTS--GENERAL INFORMATION
fixed length control field 151119b xxu||||| |||| 00| 0 eng d
020 ## - INTERNATIONAL STANDARD BOOK NUMBER
International Standard Book Number 0323001505.
040 ## - CATALOGING SOURCE
Transcribing agency DLMN
082 ## - DEWEY DECIMAL CLASSIFICATION NUMBER
Classification number WY159 W5521999.
100 ## - MAIN ENTRY--PERSONAL NAME
Personal name Wong,L.Donna.
9 (RLIN) 6211
245 ## - TITLE STATEMENT
Title Nursing Care of Innfants and Children.
250 ## - EDITION STATEMENT
Edition statement 6th ed
260 ## - PUBLICATION, DISTRIBUTION, ETC. (IMPRINT)
Place of publication, distribution, etc. London;
Name of publisher, distributor, etc. Mobsy,
Date of publication, distribution, etc. 1999.
300 ## - PHYSICAL DESCRIPTION
Extent xxxvii,2119p;
Other physical details col,ill:
Dimensions 28cm.
504 ## - BIBLIOGRAPHY, ETC. NOTE
Bibliography, etc includes index and appendix.
650 ## - SUBJECT ADDED ENTRY--TOPICAL TERM
Topical term or geographic name as entry element nursing care.
9 (RLIN) 6212
942 ## - ADDED ENTRY ELEMENTS (KOHA)
Source of classification or shelving scheme Other/Generic Classification Scheme
Koha item type Short Loan
Holdings
Withdrawn status Lost status Source of classification or shelving scheme Damaged status Not for loan Home library Current library Date acquired Source of acquisition Inventory number Total Checkouts Full call number Barcode Date last seen Price effective from Koha item type
    Other/Generic Classification Scheme     MUST Main Library MUST Main Library 19/11/2015   2000/14794   WY159 W5521999. 2015-2676 19/11/2015 19/11/2015 Short Loan